Canto a la Patria
Αποθηκεύτηκε σε:
| Κύριος συγγραφέας: | |
|---|---|
| Μορφή: | Βιβλίο |
| Γλώσσα: | Ισπανικά |
| Έκδοση: |
París
Imprenta A. Lahure, 9, rue de Fleurus
1886
|
| Έκδοση: | 1a. ed |
| Θέματα: | |
| Ετικέτες: |
Προσθήκη ετικέτας
Δεν υπάρχουν, Καταχωρήστε ετικέτα πρώτοι!
|
MARC
| LEADER | 00000nam a2200000 a 4500 | ||
|---|---|---|---|
| 001 | UCJ4860 | ||
| 003 | CL-VaPUC | ||
| 008 | 070124e18860000FR |||||||||||||||||spa|d | ||
| 082 | 0 | 4 | |a Ch861 |b MON |2 21 |
| 100 | |a Montt y Montt, Ambrosio |e autor |9 511862 | ||
| 245 | 1 | 0 | |a Canto a la Patria |
| 250 | |a 1a. ed | ||
| 300 | |a 28 p | ||
| 942 | |c BK | ||
| 945 | |d 20070124 00:00:00 |a rinostro | ||
| 260 | |a París |b Imprenta A. Lahure, 9, rue de Fleurus |c 1886 | ||
| 500 | |a Esta obra se encuentra empastada junto a otras monografías en un volumen rotulado Miscelánea Literaria y se encuentra ubicada en CH 860 MIS | ||
| 600 | 0 | 7 | |a COMBATE NAVAL DE IQUIQUE |2 CL-VaPUC |9 505224 |
| 650 | 0 | |a Poesía chilena |9 268403 | |
| 650 | 0 | |a Guerra del Pacífico |9 314886 | |
| 650 | 0 | |a Historia de Chile |9 265473 | |
| 583 | |a last modification |c 20070124 00:00:00 |k Rodrigo Vera | ||
| 999 | |c 320975 |d 320973 | ||
| 952 | |0 0 |1 0 |4 0 |6 CH_861_000000000000000_MON_1886 |7 0 |8 X |9 399623 |a FDOBUD |b FDOBUD |d 2019-11-22 |i 1027115 |o Ch861 MON 1886 |p 1027115 |r 2019-11-22 |w 2019-11-22 |y BK_X |k BUD | ||